00723nam a22002057a 4500003000500000005001700005008004100022010001000063011001000073035001000083040000900093100002900102245014800131260004000279300002300319502009900342650003500441650002100476650002000497CHAP20220329141011.0971013s1996 r 00010 d a61101 a62073 a66247 cCHAP00aMorales Terán, Ulises. aRepercusiones socioeconómicas de la caida de precios del café en el periódo 1989c/ 94 en los productores de Huautla de Jiménez, Oaxaca aChapingo, Méx. :bEl autor,c1996 a204 h.b; gráfs. aTesis (Ing. Agr. Esp. en Economía Agrícola) -- UACH. Departamento de Economía Agrícola14aCaféxAspectos económicos.14aCaféxPrecios.14aCafézOaxaca.